00836nam a2200217 a 450000100060000000300090000600500170001500800410003202000150007304000280008804100080011608200150012410000270013924501450016624601290031126000560044030000270049650400280052360000490055165000180060025979CO-ViMGA20230915232141.0141112s2004 ck r 000 u spa d a987591049X aCO-ViMGAbspacCO-ViMGA aspa04a150 P17p21 aParodi, Jorge César.10aPsico - cosmología : bla psicología del hombre futuro : bun enfoque transpersonal de la psicología de Jung / cJorge César Parodi. aPsico - cosmología : la psicología del hombre futuro : un enfoque transpersonal de la psicología de Carl Gustav Jung / aCórdoba (Argentina) : bEditorial Brujas, c2006. a372 p. : il. ; 25 cm. aIncluye bibliografía. aJung, Carl Gustav, 1875 - 1961 Entrevistas.14aPsicología.